[Event "Farum HK-ch"]
[White "Hansen, Torben"]
[Black "Mortensen, Jan T"]
[Site "Farum"]
[Round "1"]
[Result "0-1"]
[Date "2005.10.16"]
[WhiteElo "1603"]
[BlackElo "2173"]
[PlyCount "36"]
[EventDate "2005.10.16"]
[EventType "swiss"]
[EventRounds "6"]
[EventCountry "DEN"]
[SourceTitle "EXT 2018"]
[Source "ChessBase"]
[SourceDate "2017.10.13"]
[SourceVersion "1"]
[SourceVersionDate "2017.10.13"]
[SourceQuality "1"]

1. e4 e6 2. d4 d5 3. e5 c5 4. c3 Bd7 5. Nf3 Qb6 6. a4 Nc6 7. Na3 cxd4 8. cxd4 Bb4+ 9. Bd2 Nxd4 10. Nxd4 Qxd4 11. Bxb4 Qxb4+ 12. Qd2 Qe4+ 13. Qe3 Qxe3+ 14. fxe3 a6 15. b4 Ne7 16. b5 Ng6 17. bxa6 bxa6 18. Nc2 Nxe5 0-1

[Event "DEN-chB"]
[White "Nielsen, Nicholas"]
[Black "Mortensen, Jan T"]
[Site "Greve"]
[Round "5"]
[Result "0-1"]
[Date "2002.03.30"]
[WhiteElo "2080"]
[BlackElo "2053"]
[PlyCount "102"]
[EventDate "2002.03.26"]
[EventType "swiss"]
[EventRounds "7"]
[EventCountry "DEN"]
[SourceTitle "EXT 2007"]
[Source "ChessBase"]
[SourceDate "2006.11.23"]
[SourceVersion "1"]
[SourceVersionDate "2006.11.23"]
[SourceQuality "1"]

1. e4 e6 2. d4 d5 3. e5 c5 4. c3 Nc6 5. Nf3 Nge7 6. Na3 cxd4 7. cxd4 Nf5 8. Nc2 Bd7 9. Bd3 Bb4+ 10. Bd2 a5 11. 0-0 Nfe7 12. Be3 a4 13. Ng5 h6 14. Qh5 g6 15. Qh3 Nf5 16. Nf3 Qb6 17. Rab1 Bf8 18. Nh4 Nb4 19. Nxb4 Bxb4 20. g4 Ne7 21. f4 h5 22. Nf3 0-0-0 23. a3 hxg4 24. Qxg4 Nf5 25. Bf2 Be7 26. Bc2 Kb8 27. b3 Qa6 28. bxa4 Qe2 29. Bxf5 gxf5 30. Qg2 Bxa4 31. Be1 Rdg8 32. Bg3 Qa6 33. Qb2 Rc8 34. Rf2 Rc7 35. Ne1 Rhc8 36. h4 Bc6 37. Rf3 Rh8 38. Ng2 Rcc8 39. Be1 Rcg8 40. Rb3 Qa7 41. Qc3 Qa6 42. R1b2 Bxh4 43. Bxh4 Rxh4 44. Rb6 Qa4 45. Qxc6 Qd1+ 46. Kf2 Rxg2+ 47. Kxg2 Qg4+ 48. Kf1 Qf3+ 49. Ke1 Rh1+ 50. Kd2 Rh2+ 51. Ke1 Qh1# 0-1

[Event "DEN-chB"]
[White "Rasmussen, Allan Stig"]
[Black "Mortensen, Jan T"]
[Site "Greve"]
[Round "1"]
[Result "1-0"]
[Date "2002.03.26"]
[WhiteElo "2311"]
[BlackElo "2053"]
[PlyCount "115"]
[EventDate "2002.03.26"]
[EventType "swiss"]
[EventRounds "7"]
[EventCountry "DEN"]
[SourceTitle "EXT 2007"]
[Source "ChessBase"]
[SourceDate "2006.11.23"]
[SourceVersion "1"]
[SourceVersionDate "2006.11.23"]
[SourceQuality "1"]

1. d4 d5 2. Nf3 Nf6 3. g3 e6 4. c4 Be7 5. Bg2 c6 6. 0-0 0-0 7. Nbd2 Nbd7 8. b3 Qa5 9. Qc2 Re8 10. Bb2 b5 11. Ne5 Bb7 12. Nd3 Rac8 13. c5 Qc7 14. a4 a6 15. f3 Nf8 16. e4 dxe4 17. fxe4 Ng4 18. Rae1 Bg5 19. Nf3 Ne3 20. Qf2 Nxg2 21. Kxg2 Bf6 22. e5 Bd8 23. Nd2 Re7 24. Ne4 Rb8 25. Bc1 Rd7 26. Nd6 bxa4 27. bxa4 a5 28. Qc2 Ba6 29. Rf3 f5 30. exf6 Bxf6 31. Ne5 Rxd6 32. cxd6 Qxd6 33. Ba3 Qd5 34. Qc5 Qa2+ 35. Rf2 Qd5+ 36. Qxd5 cxd5 37. Bxf8 Bxe5 38. Rxe5 Rxf8 39. Rxf8+ Kxf8 40. Rxe6 Bd3 41. Rc6 Ke7 42. Rc5 Kf6 43. Kf3 Be4+ 44. Kf4 g5+ 45. Ke3 Kf5 46. Rxa5 Kg4 47. Rb5 Kh3 48. a5 Kxh2 49. a6 Kxg3 50. a7 h5 51. a8Q g4 52. Qb8+ Kh3 53. Kf2 h4 54. Rb3+ Bf3 55. Rxf3+ gxf3 56. Qc8+ Kh2 57. Qg4 h3 58. Qg1# 1-0

[Event "Hillerod NSU op"]
[White "Lauridsen, Jesper Morch"]
[Black "Mortensen, Jan T"]
[Site "Hillerod"]
[Round "1"]
[Result "1-0"]
[Date "2001.??.??"]
[WhiteElo "2292"]
[BlackElo "1947"]
[PlyCount "53"]
[EventDate "2001.01.05"]
[EventType "swiss"]
[EventRounds "5"]
[EventCountry "DEN"]
[SourceTitle "EXT 2018"]
[Source "ChessBase"]
[SourceDate "2017.10.13"]
[SourceVersion "1"]
[SourceVersionDate "2017.10.13"]
[SourceQuality "1"]

1. e4 e6 2. d4 d5 3. Nc3 Nf6 4. e5 Nfd7 5. f4 c5 6. Nf3 Nc6 7. Be3 a6 8. Qd2 Be7 9. 0-0-0 c4 10. f5 Nf8 11. fxe6 Nxe6 12. Bxc4 dxc4 13. d5 Nb4 14. a3 Nxc2 15. Qxc2 Nc5 16. d6 Nd3+ 17. Kb1 Bf5 18. dxe7 Qa5 19. Nh4 Bg4 20. Rxd3 cxd3 21. Qxd3 Qxe5 22. Re1 Qxe7 23. Bf2 Be6 24. Nf5 Qf6 25. Nd5 Qd8 26. Bb6 Qc8 27. Nd6+ 1-0